Clicktion on the Fiction (1990s) Quiz Stats

 Plays Quiz Updated Dec 6, 2018

Support Sporcle.
Go Orange.
Score 0/25 Timer 04:00
0 Plays Today
% Correct
Horse
95%
Nest
94.5%
Pelican
91.6%
Sum
90.9%
Waiting
90.3%
Bridges
90.1%
Bones
88%
Burden
87.3%
Past
86.5%
Cold
85.2%
Bedtime
84.5%
Witching
83.6%
Executive
80.4%
% Correct
Water
75.2%
World
68.6%
Celestine
57.4%
Exposure
53.7%
Hearts
44.1%
Rose
43.8%
Rainbow
41.9%
Waltz
38.4%
Road
31.7%
Man
29.8%
Scorpio
28.9%
Night
14.1%

You're not logged in!

Compare scores with friends on all Sporcle quizzes.
OR
Log In
Forgot?

From the Vault

NATO Phonetic Alphabet in Pictures

by Cutthroat

This is for all you visual learners out there.
Remove Ads.
Support Sporcle.
Get the best of Sporcle when you Go Orange. This ad-free experience offers more features, more stats, and more fun while also helping to support Sporcle. Thank you for becoming a member.

Show Comments

Extras

Top Quizzes Today


Score Distribution

Your Account Isn't Verified!

In order to create a playlist on Sporcle, you need to verify the email address you used during registration. Go to your Sporcle Settings to finish the process.

Report this User

Report this user for behavior that violates our Community Guidelines.

Details: